Cable Jointer Electrical Power System Textbook For Class XI/ (Record no. 187451)

MARC details
000 -LEADER
fixed length control field 00482nam a22001697a 4500
005 - DATE AND TIME OF LATEST TRANSACTION
control field 20220420110605.0
010 ## - LCCN (DPL NO)
LC control number ENG-132335
020 ## - INTERNATIONAL STANDARD BOOK NUMBER
International Standard Book Number 9789352921423
Terms of availability 115.00
035 ## - SYSTEM CONTROL NUMBER
System control number EN-115867
037 ## - SOURCE OF ACQUISITION
Source of stock number/acquisition DBAD/PUB
082 ## - DEWEY DECIMAL CLASSIFICATION NUMBER
Classification number 621.31
245 ## - TITLE STATEMENT
Title Cable Jointer Electrical Power System Textbook For Class XI/
260 ## - PUBLICATION, DISTRIBUTION, ETC. (IMPRINT)
Place of publication, distribution, etc Delhi
Name of publisher, distributor, etc NCERT
Date of publication, distribution, etc 2019
270 ## - ADDRESS
Address Sri Aurobindo Marg
City New Delhi
Postal code 110016
300 ## - PHYSICAL DESCRIPTION
Extent 102p.
Dimensions 28cm(pbk)
942 ## - ADDED ENTRY ELEMENTS (KOHA)
Source of classification or shelving scheme Dewey Decimal Classification
Item type English Books
Classification part 621.31
Call number suffix CAB
Holdings
Withdrawn status Lost status Not for loan Collection code Home library Current library Date acquired Source of acquisition Cost, normal purchase price Full call number Barcode Copy number Cost, replacement price Koha item type
      Non-fiction Central Library Central Library 20/04/2022 DBAD/PUB 115.00 621.31 CAB EN-115867 1 115.00 English Books

© Delhi Public Library
Hit Counter
free hit counter